| 000 | 00689nam a2200193Ia 4500 | ||
|---|---|---|---|
| 003 | GCL | ||
| 008 | 140319s9999 xx 000 0 ara d | ||
| 040 |
_aGCL / _cGCL |
||
| 082 | 0 | 4 |
_a346.07 _bع م |
| 100 | 1 |
_aعبدالفتاح مراد _vReviewer _@ _٠راجع |
|
| 245 | 1 | 0 |
_aموسوعة قطاع الاعمال العام : ENCYCLOPIE DE SECTEUR PUBLIC DES AFFAIRES / _cعبدالفتاح مراد |
| 300 | _a1047 ص | ||
| 490 |
_aالهيئة العامة للاستعلامات _v0 |
||
| 650 | 0 | 4 | _aالقانون |
| 650 | 0 | 4 | _aقوانين وتشريعات |
| 650 | 0 | 4 | _aالقانون التجارى |
| 650 | 0 | 4 | _aقطاع الاعمال العام |
| 942 |
_2ddc _cBK |
||
| 999 |
_c49178 _d49178 |
||